[Event "Olimpiada Calviá 2004"]
[Site "Calviá ESP"]
[Date "2004.10.22"]
[Round "7.37"]
[White "Kobese, Watu"]
[Black "Isaev, Jamshed"]
[Result "1-0"]
[WhiteElo "2408"]
[BlackElo "2424"]
[PlyCount "69"]
[EventDate "2004.10.15"]
[EventType "team"]
[EventRounds "14"]
[EventCountry "ESP"]
[Source "lmi"]
[SourceDate "2004.10.27"]

1. e4 c5 2. Nf3 Nc6 3. d4 cxd4 4. Nxd4 Nf6 5. Nc3 e5 6. Ndb5 d6 7. Bg5 a6 8.
Na3 b5 9. Bxf6 gxf6 10. Nd5 Bg7 11. Bd3 Ne7 12. Nxe7 Qxe7 13. c4 f5 14. O-O O-O
15. Qf3 d5 16. cxd5 f4 17. Rac1 Kh8 18. Rfd1 Rg8 19. Be2 Qb4 20. Rc7 Qxb2 21.
Rxf7 Qxa2 22. Rd3 b4 23. Qh5 h6 24. d6 Be6 25. Rf6 Rgd8 26. Rxh6+ Kg8 27. Qg6
Bf7 28. Qg4 bxa3 29. Rdh3 Kf8 30. Rh8+ Bxh8 31. Rxh8+ Bg8 32. Qf5+ Qf7 33. Bc4
Rd7 34. Qxd7 Kg7 35. Rxg8+ 1-0

[Event "Olimpiada Calviá 2004"]
[Site "Calviá ESP"]
[Date "2004.10.22"]
[Round "7.37"]
[White "Khouseinov, Rashid"]
[Black "Solomons, Deon"]
[Result "1-0"]
[WhiteElo "2343"]
[BlackElo "2249"]
[PlyCount "81"]
[EventDate "2004.10.15"]
[EventType "team"]
[EventRounds "14"]
[EventCountry "ESP"]
[Source "lmi"]
[SourceDate "2004.10.27"]

1. d4 g6 2. e4 Bg7 3. Nc3 d6 4. h4 Nf6 5. Be2 h5 6. Be3 Ng4 7. Bxg4 Bxg4 8. f3
Bd7 9. Qd2 c6 10. O-O-O Qa5 11. Kb1 Na6 12. Nh3 b5 13. Rdg1 b4 14. Ne2 Be6 15.
Nc1 c5 16. Ng5 Nc7 17. g4 c4 18. gxh5 Rxh5 19. f4 c3 20. Qd3 cxb2 21. Nb3 Bxb3
22. Qxb3 d5 23. Bd2 Rb8 24. e5 Qb6 25. f5 gxf5 26. Qf3 Nb5 27. Bxb4 Rh6 28.
Qxf5 Qg6 29. Qxg6 Rxg6 30. h5 Rh6 31. Nf3 Bf8 32. Rg8 a5 33. a4 axb4 34. axb5
f6 35. e6 Rb6 36. Re1 Rxh5 37. Kxb2 Rh3 38. Ra1 Rxe6 39. Ra8+ Kd7 40. Rgxf8
Rxf3 41. Ra7+ 1-0

[Event "Olimpiada Calviá 2004"]
[Site "Calviá ESP"]
[Date "2004.10.22"]
[Round "7.38"]
[White "Dervishi, Erald"]
[Black "Doghri, Nabil"]
[Result "1-0"]
[WhiteElo "2502"]
[BlackElo "2309"]
[PlyCount "108"]
[EventDate "2004.10.15"]
[EventType "team"]
[EventRounds "14"]
[EventCountry "ESP"]
[Source "lmi"]
[SourceDate "2004.10.27"]

1. e4 c5 2. Nf3 Nc6 3. d4 cxd4 4. Nxd4 e5 5. Nb5 d6 6. c4 Be7 7. N1c3 a6 8. Na3
Be6 9. Nc2 Bg5 10. Bxg5 Qxg5 11. h4 Qd8 12. Qd2 Nf6 13. O-O-O Qb6 14. f4 exf4
15. Qxd6 Rd8 16. Qxf4 Rxd1+ 17. Nxd1 Qc5 18. Nc3 O-O 19. Nd5 Ng4 20. Be2 Nce5
21. Rd1 b5 22. b4 Qf2 23. Bxg4 Qxf4+ 24. Nxf4 Bxg4 25. Rd6 Nxc4 26. Rxa6 h6 27.
Nd5 Re8 28. Nc3 Rd8 29. Na3 Ne5 30. Naxb5 Nd3+ 31. Kb1 Nxb4 32. Rd6 Rc8 33. a3
Nc6 34. Nd5 Rb8 35. Rxc6 Rxb5+ 36. Kc2 Be6 37. a4 Ra5 38. Nb6 Re5 39. Kd3 f5
40. exf5 Bxf5+ 41. Kc3 Re2 42. Rc5 g6 43. a5 Rxg2 44. Nd5 Rc2+ 45. Kd4 Rxc5 46.
Kxc5 Bd3 47. Nf4 Bf5 48. a6 Bc8 49. a7 Bb7 50. Kb6 Ba8 51. Nxg6 Kf7 52. Nf4 Ke7
53. Nd3 Kf6 54. Nc5 h5 1-0

[Event "Olimpiada Calviá 2004"]
[Site "Calviá ESP"]
[Date "2004.10.22"]
[Round "7.38"]
[White "Bouaziz, Slim"]
[Black "Shytaj, Luca"]
[Result "1-0"]
[WhiteElo "2341"]
[BlackElo "2356"]
[PlyCount "34"]
[EventDate "2004.10.15"]
[EventType "team"]
[EventRounds "14"]
[EventCountry "ESP"]
[Source "lmi"]
[SourceDate "2004.10.27"]

1. d4 Nf6 2. Nf3 c5 3. e3 b6 4. Bd3 Bb7 5. O-O e6 6. Nbd2 Be7 7. b3 O-O 8. Bb2
d6 9. Re1 Nc6 10. a3 Rc8 11. c4 Rc7 12. Rc1 Qe8 13. Bb1 Rd7 14. Qe2 cxd4 15.
exd4 d5 16. c5 bxc5 17. dxc5 a5 1-0

[Event "Olimpiada Calviá 2004"]
[Site "Calviá ESP"]
[Date "2004.10.22"]
[Round "7.38"]
[White "Rama, Lorenc"]
[Black "Chikhaoui, Walid"]
[Result "0-1"]
[WhiteElo "2347"]
[BlackElo "2324"]
[PlyCount "88"]
[EventDate "2004.10.15"]
[EventType "team"]
[EventRounds "14"]
[EventCountry "ESP"]
[Source "lmi"]
[SourceDate "2004.10.27"]

1. d4 Nf6 2. c4 g6 3. Nc3 d5 4. cxd5 Nxd5 5. Bd2 Bg7 6. e4 Nb6 7. Be3 O-O 8.
Be2 Nc6 9. d5 Nb8 10. Nf3 c6 11. Bd4 cxd5 12. Bxg7 Kxg7 13. exd5 N8d7 14. Qd4+
Nf6 15. Rd1 Bg4 16. O-O Rc8 17. Rfe1 Qd6 18. h3 Bxf3 19. Bxf3 Rfd8 20. Re2 a6
21. Rde1 Rc4 22. Qe5 Qxe5 23. Rxe5 Nc8 24. R5e2 b5 25. a3 Rd4 26. Rc2 Rc4 27.
Rd2 Rc7 28. Na2 a5 29. Red1 Nd6 30. Be2 Nfe4 31. Rd4 Rc2 32. Bd3 Rxb2 33. Bxe4
Rxa2 34. R1d3 Rc8 35. f4 Rc1+ 36. Kh2 h5 37. f5 Rc4 38. Rxc4 bxc4 39. Re3 g5
40. Bf3 Nxf5 41. Rc3 h4 42. Bg4 Nd6 43. Kg1 Ra1+ 44. Kh2 Ne4 0-1

[Event "Olimpiada Calviá 2004"]
[Site "Calviá ESP"]
[Date "2004.10.22"]
[Round "7.38"]
[White "Amdouni, Zoubeir"]
[Black "Mehmeti, Dritan"]
[Result "1/2-1/2"]
[WhiteElo "2104"]
[BlackElo "2346"]
[PlyCount "117"]
[EventDate "2004.10.15"]
[EventType "team"]
[EventRounds "14"]
[EventCountry "ESP"]
[Source "lmi"]
[SourceDate "2004.10.27"]

1. e4 c5 2. Nf3 d6 3. d4 cxd4 4. Nxd4 Nf6 5. Nc3 a6 6. Bc4 e6 7. Bb3 b5 8. Qf3
Bb7 9. O-O Nbd7 10. Re1 Nc5 11. Nd5 Be7 12. Nxe7 Qxe7 13. Bg5 h6 14. Bxf6 Qxf6
15. Qxf6 gxf6 16. f3 Rg8 17. a4 b4 18. Bc4 Rc8 19. b3 Ke7 20. Rad1 Rg5 21. Kf2
Nxa4 22. Bxa6 Bxa6 23. bxa4 Rc4 24. Rd2 Rgc5 25. Rb1 Bc8 26. Rb2 e5 27. Nb5 Rc6
28. Na7 Rc7 29. Nb5 Rd7 30. Rd3 d5 31. exd5 Bb7 32. d6+ Ke6 33. Rdb3 f5 34.
Rxb4 Rc5 35. Nc7+ Kxd6 36. Rxb7 Rdxc7 37. Rxc7 Rxc7 38. Rb6+ Kd5 39. Rxh6 f4
40. Rb6 Rxc2+ 41. Kf1 Ra2 42. Rb4 f5 43. h4 Kc5 44. Rb5+ Kd4 45. a5 e4 46. Rxf5
Ke3 47. Kg1 exf3 48. gxf3 Kxf3 49. h5 Rg2+ 50. Kh1 Rg4 51. Rb5 Kg3 52. Kg1 f3
53. Rf5 Ra4 54. Rg5+ Kf4 55. Rb5 Kg4 56. Kf2 Ra2+ 57. Kf1 Kf4 58. h6 Ra1+ 59.
Kf2 1/2-1/2

[Event "Olimpiada Calviá 2004"]
[Site "Calviá ESP"]
[Date "2004.10.22"]
[Round "7.39"]
[White "Poulsen, Martin"]
[Black "Mosquera, Miguel"]
[Result "0-1"]
[WhiteElo "2292"]
[BlackElo "2394"]
[PlyCount "120"]
[EventDate "2004.10.15"]
[EventType "team"]
[EventRounds "14"]
[EventCountry "ESP"]
[Source "lmi"]
[SourceDate "2004.10.27"]

1. d4 d5 2. c4 c6 3. Nc3 Nf6 4. cxd5 cxd5 5. Bf4 Nc6 6. e3 e6 7. Bd3 Bd6 8.
Bxd6 Qxd6 9. f4 O-O 10. Nf3 a6 11. O-O b5 12. Ne5 Bb7 13. Rf3 g6 14. Rh3 Qe7
15. Qe1 Nxe5 16. fxe5 Nd7 17. Ne2 b4 18. Qg3 a5 19. Rf1 Ba6 20. Bxa6 Rxa6 21.
Rf6 Rc8 22. Qh4 Nf8 23. Rhf3 Rc2 24. Nf4 Rc1+ 25. Kf2 Rc2+ 26. Kg3 Rac6 27. Nh3
Rxb2 28. Qf4 Rcc2 29. Nf2 Rxf2 30. Rxf2 Rxf2 31. Qxf2 Nd7 32. Rf4 Nb6 33. Qe2
Nc4 34. h4 a4 35. Rf1 b3 36. axb3 axb3 37. Rb1 Qb4 38. Qd3 b2 39. Qc2 Qa3 40.
Kh2 Qxe3 41. Rxb2 Nxb2 42. Qxb2 Kg7 43. Qb6 Qf4+ 44. g3 Qf2+ 45. Kh3 Qg1 46. g4
Qf2 47. g5 Qf3+ 48. Kh2 Qg4 49. Qd8 Qxh4+ 50. Kg2 Qg4+ 51. Kh2 Qf4+ 52. Kg2 h6
53. gxh6+ Kxh6 54. Qb6 Kg5 55. Qb2 Kf5 56. Qb6 g5 57. Qa7 Ke4 58. Qc5 g4 59.
Qc2+ Kxd4 60. Qa4+ Kxe5 0-1

[Event "Olimpiada Calviá 2004"]
[Site "Calviá ESP"]
[Date "2004.10.22"]
[Round "7.39"]
[White "Barrientos, Sergio"]
[Black "Simonsen, Hans Kristian"]
[Result "1-0"]
[WhiteElo "2435"]
[BlackElo "2293"]
[PlyCount "73"]
[EventDate "2004.10.15"]
[EventType "team"]
[EventRounds "14"]
[EventCountry "ESP"]
[Source "lmi"]
[SourceDate "2004.10.27"]

1. e4 e6 2. d4 d5 3. Nc3 Bb4 4. Nge2 dxe4 5. a3 Be7 6. Nxe4 Nf6 7. Qd3 Nbd7 8.
Nxf6+ Nxf6 9. Bg5 O-O 10. Nc3 c5 11. O-O-O Qa5 12. Qb5 Qxb5 13. Bxb5 a6 14. Be2
cxd4 15. Rxd4 Bc5 16. Rd2 Bxf2 17. Bf3 Ba7 18. Kb1 Bb8 19. Be3 Nd7 20. Rhd1 Ne5
21. Bc5 Bc7 22. Bxf8 Kxf8 23. Ne4 Ke7 24. Nd6 Bxd6 25. Rxd6 Ra7 26. Rd8 Bd7 27.
Rb8 Nxf3 28. gxf3 Bc6 29. f4 a5 30. Rdd8 Kf6 31. Rbc8 g6 32. Rc7 Kg7 33. Rd6
Ra8 34. Rxe6 Rd8 35. Ree7 Rd1+ 36. Ka2 Bd5+ 37. c4 1-0

[Event "Olimpiada Calviá 2004"]
[Site "Calviá ESP"]
[Date "2004.10.22"]
[Round "7.39"]
[White "Nolsoe, Eydun"]
[Black "Cuartas, Jaime Alexander"]
[Result "1-0"]
[WhiteElo "2227"]
[BlackElo "2452"]
[PlyCount "77"]
[EventDate "2004.10.15"]
[EventType "team"]
[EventRounds "14"]
[EventCountry "ESP"]
[Source "lmi"]
[SourceDate "2004.10.27"]

1. e4 c6 2. d4 d5 3. exd5 cxd5 4. Bd3 Nc6 5. c3 g6 6. Nf3 Nh6 7. O-O Bf5 8. Be2
Bg7 9. Re1 O-O 10. h3 f6 11. Bf1 Nf7 12. Bf4 e5 13. Bg3 e4 14. Nfd2 Bc8 15. Na3
f5 16. f3 Bh6 17. Bf2 Re8 18. fxe4 dxe4 19. Ndc4 f4 20. d5 Nb8 21. Bd4 Qh4 22.
Nb5 Bxh3 23. gxh3 Qg3+ 24. Kh1 f3 25. Qc2 Bf4 26. Qf2 a6 27. Nb6 axb5 28. Nxa8
Nd7 29. Qxg3 Bxg3 30. Bxb5 Bxe1 31. Rxe1 Rxa8 32. Bxd7 Nd6 33. Be6+ Kf8 34. Bc5
Ke7 35. Rxe4 Rxa2 36. Bg4+ Kf6 37. Bxd6 Ra1+ 38. Kh2 f2 39. Rf4+ 1-0

[Event "Olimpiada Calviá 2004"]
[Site "Calviá ESP"]
[Date "2004.10.22"]
[Round "7.39"]
[White "Alzate, Dario"]
[Black "Samuelsen, Carl Eli Nolsoe"]
[Result "1-0"]
[WhiteElo "2427"]
[BlackElo "2225"]
[PlyCount "83"]
[EventDate "2004.10.15"]
[EventType "team"]
[EventRounds "14"]
[EventCountry "ESP"]
[Source "lmi"]
[SourceDate "2004.10.27"]

1. d4 Nf6 2. c4 e6 3. Nc3 d5 4. Nf3 Nbd7 5. e3 Be7 6. Bd3 c6 7. O-O O-O 8. e4
dxe4 9. Nxe4 c5 10. Nxc5 Nxc5 11. dxc5 Qc7 12. Qe2 Qxc5 13. Be3 Qh5 14. Bd4 b6
15. Rfd1 Bb7 16. Ne5 Qg5 17. g3 Rfd8 18. Bc3 Qh6 19. b4 Qh3 20. f3 Rac8 21. Qe3
h5 22. Qf4 Kf8 23. Rac1 g5 24. Qe3 Ng4 25. Qe2 Nf6 26. a3 Ba8 27. Rf1 Rd6 28.
Be4 Rcd8 29. Qe3 Bxe4 30. fxe4 Ng4 31. Rxf7+ Kg8 32. Rg7+ Kxg7 33. Nxg4+ Kg6
34. Nf2 g4 35. Nxh3 gxh3 36. Rf1 Bg5 37. Qf3 R8d7 38. Qf8 Be3+ 39. Kh1 Rd1 40.
Qg8+ Kh6 41. Qxe6+ Kh7 42. Qxh3 1-0

[Event "Olimpiada Calviá 2004"]
[Site "Calviá ESP"]
[Date "2004.10.22"]
[Round "7.40"]
[White "Oms Pallise, Josep"]
[Black "Santos Flores, Alberto"]
[Result "1-0"]
[WhiteElo "2508"]
[BlackElo "2326"]
[PlyCount "77"]
[EventDate "2004.10.15"]
[EventType "team"]
[EventRounds "14"]
[EventCountry "ESP"]
[Source "lmi"]
[SourceDate "2004.10.27"]

1. d4 d5 2. c4 c6 3. Nf3 Nf6 4. Qb3 e6 5. g3 Be7 6. Bg2 Nbd7 7. O-O O-O 8. Bf4
a6 9. Rd1 b5 10. cxd5 cxd5 11. Ne5 Bb7 12. a4 b4 13. a5 Nxe5 14. Bxe5 Nd7 15.
Bf4 Nb8 16. h4 Nc6 17. Qa4 f6 18. Be3 Bd6 19. Nd2 f5 20. Bg5 Qe8 21. e3 h6 22.
Bf4 Be7 23. Nb3 g5 24. hxg5 hxg5 25. Bc7 Rc8 26. Bb6 Qh5 27. Bc5 f4 28. exf4
gxf4 29. Bxe7 Nxe7 30. Qd7 f3 31. Qxe6+ Rf7 32. Bh3 Kf8 33. Bg4 Qg5 34. Rac1
Re8 35. Re1 Bc8 36. Rxc8 Rxc8 37. Nc5 Rc6 38. Qxc6 Qxg4 39. Ne6+ 1-0

[Event "Olimpiada Calviá 2004"]
[Site "Calviá ESP"]
[Date "2004.10.22"]
[Round "7.40"]
[White "Pazos Gambarrotti, Plinio"]
[Black "Simonet, Marc"]
[Result "1/2-1/2"]
[WhiteElo "2400"]
[BlackElo "2300"]
[PlyCount "80"]
[EventDate "2004.10.15"]
[EventType "team"]
[EventRounds "14"]
[EventCountry "ESP"]
[Source "lmi"]
[SourceDate "2004.10.27"]

1. Nf3 d5 2. d4 Nf6 3. c4 c6 4. Nc3 a6 5. e3 b5 6. cxd5 cxd5 7. Bd3 e6 8. a3
Bb7 9. O-O Nbd7 10. Qe2 Bd6 11. Nd2 O-O 12. f4 Nb6 13. Nf3 Ne4 14. Bxe4 dxe4
15. Ng5 h6 16. Ngxe4 f5 17. Nd2 Nd5 18. Nf3 Rc8 19. Bd2 Rf7 20. Rfc1 Rfc7 21.
Na2 Rc4 22. Rxc4 Rxc4 23. Rc1 Rxc1+ 24. Nxc1 Qc7 25. Qd3 g5 26. fxg5 hxg5 27.
Nxg5 Bxh2+ 28. Kh1 Nf6 29. Ne2 Ng4 30. Be1 Qg7 31. Nf3 Bd6 32. Nh4 Be7 33. e4
Bxe4 34. Qg3 Bxh4 35. Qxh4 Ne3 36. Qd8+ Kf7 37. Qd7+ Kg8 38. Qe8+ Kh7 39. Qh5+
Kg8 40. Qe8+ Kh7 1/2-1/2

[Event "Olimpiada Calviá 2004"]
[Site "Calviá ESP"]
[Date "2004.10.22"]
[Round "7.40"]
[White "Monell Camarasa, David"]
[Black "Gonzalez Davila, Richard"]
[Result "0-1"]
[WhiteElo "2263"]
[BlackElo "2202"]
[PlyCount "90"]
[EventDate "2004.10.15"]
[EventType "team"]
[EventRounds "14"]
[EventCountry "ESP"]
[Source "lmi"]
[SourceDate "2004.10.27"]

1. d4 Nf6 2. c4 g6 3. Nc3 Bg7 4. e4 O-O 5. Nf3 d6 6. Be2 e5 7. d5 Nbd7 8. Bg5
h6 9. Bh4 g5 10. Bg3 Nh5 11. h4 g4 12. Nh2 Nxg3 13. fxg3 h5 14. Bd3 Nc5 15. O-O
a5 16. Rf2 f5 17. exf5 e4 18. Bc2 Bxf5 19. Nf1 Bh7 20. Rxf8+ Qxf8 21. Qd2 Qf6
22. Ne3 Qe5 23. Ne2 Qxb2 24. Rf1 Qe5 25. Nf4 b6 26. Ne6 Nxe6 27. dxe6 Qxe6 28.
c5 Kh8 29. cxb6 cxb6 30. Bb3 Qe5 31. Rd1 Qxg3 32. Nc4 Qxh4 33. Nxd6 Bg6 34. Qf4
Qf6 35. Nf7+ Bxf7 36. Qxf6 Bxf6 37. Bxf7 h4 38. Rd6 Kg7 39. Be6 g3 40. Bf5 Re8
41. Kf1 Re5 42. Bd7 b5 43. Bc6 Rf5+ 44. Ke1 h3 45. Rd7+ Kh6 0-1

[Event "Olimpiada Calviá 2004"]
[Site "Calviá ESP"]
[Date "2004.10.22"]
[Round "7.41"]
[White "Eid, Fadi"]
[Black "Cueto, Jhonny"]
[Result "0-1"]
[WhiteElo "2357"]
[BlackElo "2306"]
[PlyCount "50"]
[EventDate "2004.10.15"]
[EventType "team"]
[EventRounds "14"]
[EventCountry "ESP"]
[Source "lmi"]
[SourceDate "2004.10.27"]

1. a3 e5 2. d4 exd4 3. Nf3 Nf6 4. Qxd4 d5 5. Bg5 Be7 6. Nc3 Be6 7. O-O-O Nbd7
8. Qf4 c6 9. e4 h6 10. Bxf6 Nxf6 11. exd5 cxd5 12. Bb5+ Kf8 13. Nd4 Rc8 14.
Rhe1 Bd7 15. Bxd7 Qxd7 16. Nf5 Bc5 17. g4 Kg8 18. g5 hxg5 19. Qxg5 Bf8 20. Rxd5
Qc7 21. Rde5 Rxh2 22. Rg1 Nh5 23. Nh6+ Kh8 24. Ng4 f6 25. Nh6 fxg5 0-1

[Event "Olimpiada Calviá 2004"]
[Site "Calviá ESP"]
[Date "2004.10.22"]
[Round "7.41"]
[White "Monroy, Javier"]
[Black "Kassis, Antoine"]
[Result "0-1"]
[WhiteElo "2129"]
[BlackElo "2221"]
[PlyCount "112"]
[EventDate "2004.10.15"]
[EventType "team"]
[EventRounds "14"]
[EventCountry "ESP"]
[Source "lmi"]
[SourceDate "2004.10.27"]

1. d4 Nf6 2. g3 e6 3. Bg2 c5 4. Nf3 Be7 5. O-O O-O 6. b3 Nc6 7. Bb2 b6 8. c4
cxd4 9. Nxd4 Bb7 10. Nc3 Qb8 11. e3 Nxd4 12. exd4 Bxg2 13. Kxg2 d5 14. cxd5 Qb7
15. Qf3 Nxd5 16. Rac1 Rac8 17. Rfe1 Rfd8 18. Nxd5 Rxd5 19. Rxc8+ Qxc8 20. Rc1
Qd7 21. Qc3 h6 22. Qc8+ Kh7 23. Qb8 Ra5 24. Rc8 Qd5+ 25. Kg1 Rxa2 26. Rh8+ Kg6
27. Bc1 Qf3 28. Qf4 Qxf4 29. Bxf4 Rb2 30. Ra8 a5 31. Bc7 Rxb3 32. Ra6 Kf5 33.
Bxb6 Ke4 34. Kg2 Bf6 35. Bc5 Rb5 36. Rd6 Be7 37. Rd7 Bxc5 38. dxc5 Rxc5 39.
Rxf7 g5 40. h4 a4 41. Ra7 Rc4 42. Ra5 g4 43. Rh5 a3 44. Ra5 Rc3 45. Ra4+ Kd3
46. Rxg4 Rc4 47. Rg8 Ra4 48. Rd8+ Kc3 49. Rc8+ Kb3 50. Rc1 a2 51. Kf3 a1=Q 52.
Rxa1 Rxa1 53. Kf4 Ra5 54. g4 Kc4 55. g5 hxg5+ 56. hxg5 Rf5+ 0-1

[Event "Olimpiada Calviá 2004"]
[Site "Calviá ESP"]
[Date "2004.10.22"]
[Round "7.41"]
[White "Abdulaziz, Mahmoud"]
[Black "Saavedra, Carlos"]
[Result "0-1"]
[WhiteElo "2101"]
[BlackElo "2319"]
[PlyCount "60"]
[EventDate "2004.10.15"]
[EventType "team"]
[EventRounds "14"]
[EventCountry "ESP"]
[Source "lmi"]
[SourceDate "2004.10.27"]

1. c4 e6 2. Nf3 d5 3. b3 Nd7 4. Bb2 c6 5. Qc2 Ngf6 6. g3 Bd6 7. d4 Ne4 8. Bg2
O-O 9. O-O f5 10. Ne5 Qf6 11. f3 Nxe5 12. fxe4 Ng4 13. Qd2 dxe4 14. Bxe4 Nxh2
15. Kxh2 Qh4+ 16. Kg1 Bxg3 17. e3 Qxe4 18. Nc3 Qh4 19. Qg2 Rf6 20. Rf3 Rg6 21.
Kf1 Bh2 22. Qh3 Rg1+ 23. Ke2 Qxh3 24. Rxh3 Rg2+ 25. Kd3 Rxb2 26. Rh1 Bd6 27.
Rxh7 Bf8 28. e4 Bd7 29. exf5 exf5 30. d5 Re8 0-1

[Event "Olimpiada Calviá 2004"]
[Site "Calviá ESP"]
[Date "2004.10.22"]
[Round "7.42"]
[White "Sharavdorj, Dashzeveg"]
[Black "Agnelo, Amorin"]
[Result "1-0"]
[WhiteElo "2466"]
[BlackElo "2227"]
[PlyCount "53"]
[EventDate "2004.10.15"]
[EventType "team"]
[EventRounds "14"]
[EventCountry "ESP"]
[Source "lmi"]
[SourceDate "2004.10.27"]

1. d4 Nf6 2. Nf3 e6 3. c4 b6 4. a3 Bb7 5. Nc3 d5 6. cxd5 exd5 7. g3 Bd6 8. Bh3
O-O 9. Bg5 h6 10. Bxf6 Qxf6 11. O-O Rd8 12. Qb3 c6 13. Bg2 Qe7 14. Rfe1 Na6 15.
e4 dxe4 16. Nxe4 Qd7 17. Ne5 Bxe5 18. dxe5 c5 19. Rad1 Qe7 20. Nf6+ Kh8 21. Qc2
g6 22. Qc1 Kg7 23. Ng4 Rh8 24. Bxb7 Qxb7 25. e6 Qf3 26. Ne5 Qf6 27. Nxf7 1-0

[Event "Olimpiada Calviá 2004"]
[Site "Calviá ESP"]
[Date "2004.10.22"]
[Round "7.42"]
[White "Pascoal, Eduardo A"]
[Black "Hatanbaatar, Bazar"]
[Result "0-1"]
[WhiteElo "2068"]
[BlackElo "2427"]
[PlyCount "114"]
[EventDate "2004.10.15"]
[EventType "team"]
[EventRounds "14"]
[EventCountry "ESP"]
[Source "lmi"]
[SourceDate "2004.10.27"]

1. d4 Nf6 2. c4 e6 3. Nc3 Bb4 4. Qc2 O-O 5. a3 Bxc3+ 6. Qxc3 b6 7. Bg5 Ba6 8.
e3 d6 9. Bd3 Nbd7 10. b4 c5 11. dxc5 bxc5 12. b5 Bb7 13. f3 a6 14. Ne2 Ne5 15.
O-O axb5 16. cxb5 h6 17. Bh4 Qa5 18. Bxf6 gxf6 19. Rfd1 Qxc3 20. Nxc3 Ra5 21.
a4 d5 22. Be2 Rfa8 23. Rac1 f5 24. Rd2 Kf8 25. Kf2 Ke7 26. f4 Nd7 27. Bd1 Rg8
28. g3 h5 29. h4 Rh8 30. Bb3 Nf6 31. Bd1 Rd8 32. Bf3 Rd7 33. Nd1 Rc7 34. Rdc2
Kd6 35. Nb2 Ne4+ 36. Bxe4 fxe4 37. Rd2 Ke7 38. Rdc2 c4 39. Ke2 Rc8 40. Kd2 Kd6
41. Kc3 Kc5 42. Rd2 Rg8 43. Rg1 f6 44. Rf2 Bc8 45. Rd2 e5 46. fxe5 fxe5 47.
Rgd1 Bb7 48. Rg1 Rg7 49. g4 hxg4 50. h5 Ra8 51. h6 Rg6 52. h7 Rh8 53. Rh2 g3
54. Rh3 Rg7 55. Rgxg3 Rhxh7 56. Rxh7 Rxh7 57. Rg5 Rh3 0-1

[Event "Olimpiada Calviá 2004"]
[Site "Calviá ESP"]
[Date "2004.10.22"]
[Round "7.42"]
[White "Byambaa, Zulzaga"]
[Black "Domingos, Catarino"]
[Result "1-0"]
[WhiteElo "2299"]
[BlackElo "2227"]
[PlyCount "91"]
[EventDate "2004.10.15"]
[EventType "team"]
[EventRounds "14"]
[EventCountry "ESP"]
[Source "lmi"]
[SourceDate "2004.10.27"]

1. e4 c5 2. Nf3 d6 3. c3 Nf6 4. Be2 Nc6 5. d4 cxd4 6. cxd4 g6 7. Nc3 Bg7 8. O-O
O-O 9. d5 Nb8 10. h3 a5 11. Be3 Na6 12. Bd3 Nd7 13. Rc1 Nac5 14. Bb1 a4 15. Qd2
Qa5 16. Bd4 Qb4 17. Rfd1 Ra6 18. a3 Qa5 19. Bxg7 Kxg7 20. Qd4+ Kg8 21. Nd2 Qd8
22. Bc2 Qb6 23. Nc4 Qa7 24. Nb5 Qb8 25. Qe3 Kg7 26. f4 Nb6 27. Nd2 Bd7 28. Nc3
Qa7 29. Kh1 Nc8 30. Qg3 Qb6 31. Nc4 Qd8 32. Rf1 f5 33. exf5 Bxf5 34. Bxf5 Rxf5
35. Ne3 Rf6 36. Ng4 Rf5 37. Ne2 Qf8 38. Ne3 Rf6 39. Nd4 Ra8 40. Ng4 Nb6 41.
Nxf6 Qxf6 42. Ne6+ Nxe6 43. dxe6 Qxe6 44. f5 Qf6 45. fxg6 Qxg6 46. Qc3+ 1-0

[Event "Olimpiada Calviá 2004"]
[Site "Calviá ESP"]
[Date "2004.10.22"]
[Round "7.42"]
[White "Sousa, Armindo"]
[Black "Gunbayar, Myagmarsuren"]
[Result "1/2-1/2"]
[WhiteElo "2216"]
[BlackElo "2229"]
[PlyCount "121"]
[EventDate "2004.10.15"]
[EventType "team"]
[EventRounds "14"]
[EventCountry "ESP"]
[Source "lmi"]
[SourceDate "2004.10.27"]

1. e4 c6 2. d4 d5 3. e5 Bf5 4. Nf3 e6 5. Be2 c5 6. O-O Nc6 7. c3 Qb6 8. b3 cxd4
9. cxd4 Nge7 10. Nc3 Ng6 11. Be3 Be7 12. Na4 Qa5 13. a3 O-O 14. b4 Qd8 15. Rc1
Rc8 16. Nc5 b6 17. Nb3 f6 18. Bb5 Nb8 19. Qd2 a6 20. Be2 Qd7 21. Rxc8 Rxc8 22.
Rc1 Rc6 23. Ne1 Nf8 24. Nf3 Qc8 25. Bf4 Nbd7 26. Rxc6 Qxc6 27. Qc1 Qxc1+ 28.
Bxc1 Nb8 29. Bf4 Nfd7 30. Kf1 Kf7 31. h3 Bc2 32. Nc1 a5 33. exf6 gxf6 34. Bd2
axb4 35. Bxb4 Bxb4 36. axb4 Nc6 37. b5 Na7 38. Na2 Nf8 39. Nc3 Ng6 40. g3 Ne7
41. Ke1 Nec8 42. Kd2 Bb3 43. Ke3 Nd6 44. Nd2 Bc2 45. g4 Ke7 46. f4 Ne8 47. f5
Nc7 48. fxe6 Kxe6 49. Nf3 Bg6 50. g5 Be8 51. Bd3 Ncxb5 52. Nxb5 Nxb5 53. Bxh7
fxg5 54. Nxg5+ Kf6 55. Nf3 Na3 56. Kd2 Bh5 57. Ne5 Nc4+ 58. Nxc4 dxc4 59. Kc3
b5 60. Be4 Be8 61. Bd5 1/2-1/2

[Event "Olimpiada Calviá 2004"]
[Site "Calviá ESP"]
[Date "2004.10.22"]
[Round "7.43"]
[White "Papatryfonos, Constantinos"]
[Black "Rodriguez, Andres"]
[Result "0-1"]
[WhiteElo "2123"]
[BlackElo "2533"]
[PlyCount "70"]
[EventDate "2004.10.15"]
[EventType "team"]
[EventRounds "14"]
[EventCountry "ESP"]
[Source "lmi"]
[SourceDate "2004.10.27"]

1. d4 f5 2. Nc3 d5 3. Nf3 Nf6 4. Bf4 e6 5. e3 Bb4 6. Ne5 O-O 7. a3 Be7 8. Be2
Bd7 9. O-O Be8 10. b4 a5 11. b5 Nbd7 12. h3 Nb6 13. a4 Bb4 14. Nb1 Kh8 15. c3
Bd6 16. Qb3 Qe7 17. Nd2 Rg8 18. c4 dxc4 19. Ndxc4 Nbd5 20. Bh2 g5 21. Nxd6 cxd6
22. Nc4 f4 23. Qa3 Rd8 24. Nxa5 Ra8 25. Nc4 Bxb5 26. Qb3 Bc6 27. Bf3 g4 28.
hxg4 Nxg4 29. Bxg4 Rxg4 30. e4 Rag8 31. Qh3 Nc3 32. d5 Ne2+ 33. Kh1 exd5 34.
Na5 Bd7 35. Qb3 Rxg2 0-1

[Event "Olimpiada Calviá 2004"]
[Site "Calviá ESP"]
[Date "2004.10.22"]
[Round "7.43"]
[White "Theocharides, Constantinos"]
[Black "Bauza, Alejandro"]
[Result "0-1"]
[WhiteElo "2115"]
[BlackElo "2235"]
[PlyCount "82"]
[EventDate "2004.10.15"]
[EventType "team"]
[EventRounds "14"]
[EventCountry "ESP"]
[Source "lmi"]
[SourceDate "2004.10.27"]

1. e4 c6 2. d3 e5 3. Nf3 g6 4. Nc3 Bg7 5. g3 Ne7 6. Bg2 d6 7. Be3 Nd7 8. Qd2 h6
9. O-O Nc5 10. d4 Ne6 11. Rad1 Bd7 12. d5 cxd5 13. Nxd5 Nxd5 14. Qxd5 Bc6 15.
Qxd6 Qxd6 16. Rxd6 Bxe4 17. c3 Rc8 18. Rfd1 O-O 19. Nd2 Bxg2 20. Kxg2 b6 21.
Rd7 Rc7 22. Rxc7 Nxc7 23. Nc4 b5 24. Rd7 bxc4 25. Rxc7 Rb8 26. Bxa7 Rxb2 27. a4
e4 28. Rc8+ Kh7 29. Rxc4 f5 30. a5 Ra2 31. Bb6 g5 32. g4 fxg4 33. Rxe4 Bxc3 34.
Re7+ Kg6 35. Ra7 h5 36. Ra8 h4 37. Bc7 Bd4 38. Rf8 Bc5 39. Rg8+ Kf7 40. Rb8
Rxf2+ 41. Kh1 Rf1+ 0-1

[Event "Olimpiada Calviá 2004"]
[Site "Calviá ESP"]
[Date "2004.10.22"]
[Round "7.43"]
[White "Larrea, Manuel"]
[Black "Klerides, Paris"]
[Result "1/2-1/2"]
[WhiteElo "2279"]
[BlackElo "2234"]
[PlyCount "68"]
[EventDate "2004.10.15"]
[EventType "team"]
[EventRounds "14"]
[EventCountry "ESP"]
[Source "lmi"]
[SourceDate "2004.10.27"]

1. d4 Nf6 2. Nf3 g6 3. c4 Bg7 4. Nc3 O-O 5. e4 d6 6. Be2 e5 7. d5 a5 8. Bg5 h6
9. Bh4 Na6 10. Nd2 Qe8 11. O-O Nh7 12. a3 Bd7 13. Rb1 a4 14. b4 axb3 15. Nxb3
b6 16. Nb5 h5 17. f3 Bh6 18. a4 Be3+ 19. Bf2 Bxf2+ 20. Rxf2 Qe7 21. Ra1 h4 22.
a5 bxa5 23. Rxa5 Nc5 24. Rxa8 Rxa8 25. Nxc5 Bxb5 26. cxb5 dxc5 27. Bf1 Nf6 28.
Rd2 Qd6 29. Qe1 c4 30. Qxh4 Ra1 31. Qf2 Nd7 32. Qe3 Ra3 33. Qf2 Ra1 34. g3 Nb6
1/2-1/2